[Event "22nd Abu Dhabi Masters"]
[Site "Abu Dhabi UAE"]
[Date "2015.08.27"]
[Round "6.47"]
[White "Ahmed,Fareed"]
[Black "Hernandez,Alex"]
[Result "0-1"]
[BlackTitle "FM"]
[WhiteElo "2119"]
[BlackElo "2302"]
[WhiteFideId "9303677"]
[BlackFideId "3900452"]
[EventDate "2015.08.23"]

1. e4 c5 2. Nf3 d6 3. d4 cxd4 4. Nxd4 Nf6 5. Nc3 g6 6. Be3 Bg7 7. f3 Nc6 8. Qd2
O-O 9. Bc4 Bd7 10. Bb3 a5 11. a4 Rc8 12. O-O Nxd4 13. Bxd4 Bc6 14. Nd5 Bxd5 15.
exd5 Nd7 16. Bxg7 Kxg7 17. Qd4+ Kg8 18. Rfd1 Nc5 19. Bc4 Qd7 20. Bb5 Qf5 21.
Rac1 Rc7 22. Qe3 e5 23. dxe6 Nxe6 24. Qd3 Qc5+ 25. Kf1 Rd8 26. b3 d5 27. Rd2 Qb4
28. Rcd1 Rc3 29. Qe2 Qc5 30. Qf2 d4 31. Bc4 Re3 32. Qh4 Qc7 33. Qf6 Rd7 34. c3
Qxh2 35. Rxd4 Nxd4 36. Rxd4 Qh1+ 0-1

[Event "22nd Abu Dhabi Masters"]
[Site "Abu Dhabi UAE"]
[Date "2015.08.27"]
[Round "6.48"]
[White "Haussernot,C"]
[Black "Voiteanu,G"]
[Result "0-1"]
[WhiteTitle "WFM"]
[BlackTitle "FM"]
[WhiteElo "2087"]
[BlackElo "2182"]
[WhiteFideId "601632"]
[BlackFideId "1208810"]
[EventDate "2015.08.23"]

1. e4 d6 2. d4 Nf6 3. Nc3 e5 4. Nge2 Nc6 5. f3 g6 6. d5 Ne7 7. g4 Bg7 8. Be3 O-O
9. Qd2 c6 10. dxc6 bxc6 11. O-O-O d5 12. g5 Nh5 13. exd5 cxd5 14. Nxd5 Nxd5 15.
Qxd5 Qxd5 16. Rxd5 Bb7 17. Rd7 Bxf3 18. Rg1 a5 19. Nc3 Nf4 20. Bc4 Rac8 21. b3
Ne6 22. Rf1 e4 23. Nd5 Rfd8 24. Ra7 Ra8 25. Ne7+ Kh8 26. Nc6 Rxa7 27. Nxd8 Rd7
28. Nxf7+ Rxf7 29. Bxe6 Re7 30. Bd5 Bc3 31. a3 Kg7 32. b4 axb4 33. axb4 Be2 34.
Rg1 Bxb4 35. c4 Bxc4 36. Rd1 Bd3 37. Kb2 Bd6 38. h3 Be5+ 39. Kb3 Rd7 40. Bc6
Bc4+ 41. Kc2 Bb3+ 0-1

[Event "22nd Abu Dhabi Masters"]
[Site "Abu Dhabi UAE"]
[Date "2015.08.27"]
[Round "6.49"]
[White "Kowsarinia,A"]
[Black "Godbole,A"]
[Result "1-0"]
[WhiteTitle "FM"]
[WhiteElo "2332"]
[BlackElo "2061"]
[WhiteFideId "12500089"]
[BlackFideId "5059550"]
[EventDate "2015.08.23"]

1. Nf3 Nf6 2. g3 e6 3. Bg2 d5 4. O-O Be7 5. c4 c6 6. b3 O-O 7. Bb2 b6 8. d3 Bb7
9. Nbd2 c5 10. cxd5 Nxd5 11. Rc1 Nc6 12. Nc4 Bf6 13. d4 b5 14. Ne3 Nxe3 15. fxe3
cxd4 16. exd4 Qb6 17. e3 Rfd8 18. Qe2 Rd7 19. Nd2 Ne7 20. Ne4 Bxe4 21. Bxe4 Nd5
22. Rc5 a6 23. Qh5 g6 24. Qf3 Bg5 25. Bxd5 exd5 26. Rxd5 Bxe3+ 27. Kh1 Re7 28.
Re5 Rae8 29. Rxe3 1-0

[Event "22nd Abu Dhabi Masters"]
[Site "Abu Dhabi UAE"]
[Date "2015.08.29"]
[Round "7.1"]
[White "Rapport,R"]
[Black "Grandelius,N"]
[Result "0-1"]
[WhiteTitle "GM"]
[BlackTitle "GM"]
[WhiteElo "2671"]
[BlackElo "2628"]
[WhiteFideId "738590"]
[BlackFideId "1710400"]
[EventDate "2015.08.23"]

1. d4 Nf6 2. Bg5 Ne4 3. h4 d5 4. Nd2 Bf5 5. Nxe4 Bxe4 6. f3 h6 7. Bf4 Bh7 8. e3
e6 9. Bd3 Bxd3 10. Qxd3 c5 11. dxc5 Qa5+ 12. c3 Qxc5 13. Ne2 Nc6 14. b4 Qb6 15.
a4 Be7 16. g4 Qd8 17. Bg3 Bd6 18. f4 h5 19. g5 g6 20. e4 dxe4 21. Qxe4 Qc7 22.
Bf2 Ne7 23. Bxa7 O-O 24. Bd4 Nf5 25. Rh3 Rfe8 26. Be5 Bxe5 27. Qxe5 Qc6 28. Kf2
Red8 29. Qc5 Qe4 30. Qe5 Qc2 31. a5 Rd2 32. b5 Rd5 33. Rc1 Qb2 34. Qe4 Rd2 35.
Re1 Qxb5 36. Qb4 Qc6 37. Qb6 Qd5 38. c4 Qxc4 39. Kf1 Qd5 40. Rh2 Rxa5 41. Kg1
Raa2 0-1

[Event "22nd Abu Dhabi Masters"]
[Site "Abu Dhabi UAE"]
[Date "2015.08.29"]
[Round "7.2"]
[White "Gupta,Ab"]
[Black "Areshchenko,A"]
[Result "1/2-1/2"]
[WhiteTitle "GM"]
[BlackTitle "GM"]
[WhiteElo "2619"]
[BlackElo "2661"]
[WhiteFideId "5010608"]
[BlackFideId "14109530"]
[EventDate "2015.08.23"]

1. Nf3 c5 2. c4 Nc6 3. Nc3 g6 4. g3 Bg7 5. Bg2 e6 6. d4 cxd4 7. Nb5 d5 8. cxd5
exd5 9. O-O Nge7 10. Bf4 O-O 11. Qd2 Bg4 12. Nbxd4 Qb6 13. Be3 Qa6 14. b3 Nf5
15. Nxf5 Bxf5 16. Nd4 Bg4 17. Rfe1 Nxd4 18. Bxd4 Bxd4 19. Qxd4 Bxe2 20. Bxd5
Rad8 21. Qe4 Rfe8 22. Bxb7 Qa5 23. Qf4 g5 24. Qc1 h6 25. Bg2 Re5 26. a3 Rc5 27.
Qb1 Bd3 28. Qb2 Qc3 29. Qxc3 Rxc3 30. b4 Bf5 31. Bf1 Rd2 32. Re2 Rxe2 33. Bxe2
Bd3 34. Bd1 Kf8 35. f3 Ke7 36. Kf2 Kd6 37. a4 Bc4 38. f4 gxf4 39. gxf4 Bd5 40.
Be2 Rh3 41. Kg1 Re3 42. Bf1 Be4 43. Rd1+ Kc7 44. b5 Rf3 45. Bg2 Rxf4 46. Rd4 f5
47. h3 h5 48. a5 h4 49. Rc4+ Kb7 50. Ra4 Kc7 51. Rb4 Kb8 52. Rd4 Kc7 53. Bh1 Kc8
54. Rc4+ Kb7 55. Rb4 Kc7 56. Bg2 Kb8 57. Rd4 Kc7 58. Bh1 Kc8 59. Rc4+ Kb8 60.
Bg2 Kb7 61. Rb4 Kc8 62. Rd4 1/2-1/2

[Event "22nd Abu Dhabi Masters"]
[Site "Abu Dhabi UAE"]
[Date "2015.08.29"]
[Round "7.3"]
[White "Kravtsiv,M"]
[Black "Akopian,Vl"]
[Result "1/2-1/2"]
[WhiteTitle "GM"]
[BlackTitle "GM"]
[WhiteElo "2599"]
[BlackElo "2647"]
[WhiteFideId "14113147"]
[BlackFideId "13300032"]
[EventDate "2015.08.23"]

1. e4 c6 2. d4 d5 3. Nd2 dxe4 4. Nxe4 Bf5 5. Ng3 Bg6 6. h4 h6 7. Nf3 Nd7 8. h5
Bh7 9. Bd3 Bxd3 10. Qxd3 e6 11. Bd2 Ngf6 12. O-O-O Be7 13. Kb1 O-O 14. Ne4 Nxe4
15. Qxe4 Nf6 16. Qe2 Qd5 17. Be3 Ng4 18. Bc1 Rad8 19. c4 Qf5+ 20. Ka1 c5 21. Ne5
Nxe5 22. dxe5 f6 23. exf6 Bxf6 24. g4 Qe5 25. Qxe5 Bxe5 26. Rxd8 Rxd8 27. Re1
Bf6 28. f4 Kf7 29. g5 Bd4 30. Kb1 a6 31. a4 1/2-1/2

[Event "22nd Abu Dhabi Masters"]
[Site "Abu Dhabi UAE"]
[Date "2015.08.29"]
[Round "7.5"]
[White "Kulaots,K"]
[Black "Jobava,Ba"]
[Result "0-1"]
[WhiteTitle "GM"]
[BlackTitle "GM"]
[WhiteElo "2573"]
[BlackElo "2664"]
[WhiteFideId "4500261"]
[BlackFideId "13601520"]
[EventDate "2015.08.23"]

1. e4 c5 2. Nf3 d6 3. d4 cxd4 4. Nxd4 Nf6 5. Nc3 Bd7 6. Be2 Bc6 7. Nxc6 bxc6 8.
O-O Nbd7 9. Be3 g6 10. Qd3 Bg7 11. f4 O-O 12. Qa6 Qc7 13. Rad1 Rfd8 14. Bf3 e5
15. g3 Bh6 16. Kh1 Kg7 17. Bg2 Kg8 18. Qc4 Rac8 19. Qa6 Qb8 20. Qa3 Nb6 21. Qb3
Nfd7 22. Bh3 exf4 23. gxf4 Bf8 24. a4 Rc7 25. a5 Nc8 26. Qc4 Bg7 27. Rd3 Qb7 28.
Kg1 a6 29. Rfd1 Re8 30. Bg2 g5 31. Bh3 gxf4 32. Bxd7 Rxd7 33. Bxf4 Re6 34. Rg3
Ne7 35. Be3 Ng6 36. Bd4 Bxd4+ 37. Qxd4 Kf8 38. b3 Re5 39. b4 Ke7 40. Qc4 Re6 41.
Kh1 Ne5 42. Qd4 Qb8 43. Na4 Qb5 44. Nb6 Rd8 45. c3 Qe2 46. Rg2 Qf3 47. Rg1 Nd3
48. Nc4 Rxe4 0-1

[Event "22nd Abu Dhabi Masters"]
[Site "Abu Dhabi UAE"]
[Date "2015.08.29"]
[Round "7.6"]
[White "Swiercz,D"]
[Black "Kuzubov,Y"]
[Result "1-0"]
[WhiteTitle "GM"]
[BlackTitle "GM"]
[WhiteElo "2617"]
[BlackElo "2638"]
[WhiteFideId "1126881"]
[BlackFideId "14112906"]
[EventDate "2015.08.23"]

1. d4 f5 2. g3 Nf6 3. Bg2 g6 4. Nf3 Bg7 5. O-O O-O 6. c4 d6 7. Nc3 c6 8. Re1 Na6
9. b3 Rb8 10. Bb2 b5 11. cxb5 cxb5 12. d5 b4 13. Na4 Bd7 14. Nd4 Nc7 15. Nc6
Bxc6 16. dxc6 e6 17. Rc1 Nb5 18. Qd3 Rf7 19. Red1 Qc8 20. h3 Rc7 21. Rc2 Ne8 22.
Bxg7 Nxg7 23. Qe3 Qf8 24. Rc4 Na3 25. Rcc1 Rbc8 26. Nb2 d5 27. Nd3 Qd6 28. Rc5
Rxc6 29. Rxc6 Rxc6 30. Qxa7 Nh5 31. Nxb4 Rb6 32. Qxa3 Rxb4 33. e3 Qb6 34. Qb2
Kf7 35. Rc1 d4 36. Rc6 Qd8 37. Qd2 Qe7 38. exd4 1-0

[Event "22nd Abu Dhabi Masters"]
[Site "Abu Dhabi UAE"]
[Date "2015.08.29"]
[Round "7.7"]
[White "Prohaszka,P2"]
[Black "Iturrizaga,E"]
[Result "1-0"]
[WhiteTitle "GM"]
[BlackTitle "GM"]
[WhiteElo "2602"]
[BlackElo "2625"]
[WhiteFideId "726265"]
[BlackFideId "3901211"]
[EventDate "2015.08.23"]

1. d4 Nf6 2. c4 e6 3. g3 c5 4. d5 exd5 5. cxd5 d6 6. Nc3 g6 7. Bg2 Bg7 8. Nf3
O-O 9. O-O Nbd7 10. Bf4 Nb6 11. e4 Re8 12. Re1 Bg4 13. h3 Bxf3 14. Bxf3 Nfd7 15.
Bg2 Ne5 16. Qc2 Nbc4 17. Rad1 b5 18. Bc1 b4 19. Nb1 Na5 20. f4 Nd7 21. Nd2 c4
22. Nxc4 Rc8 23. b3 Nxc4 24. bxc4 Bc3 25. Rf1 Rxc4 26. Qf2 a5 27. e5 f5 28. e6
Nf6 29. g4 Ne4 30. Bxe4 Rxe4 31. gxf5 gxf5 32. Kh1 Qf6 33. Rg1+ Kh8 34. Rd3 Rd4
35. Rdg3 Rxd5 36. Qg2 Qxe6 37. Re3 1-0

[Event "22nd Abu Dhabi Masters"]
[Site "Abu Dhabi UAE"]
[Date "2015.08.29"]
[Round "7.8"]
[White "Jones,G"]
[Black "Sandipan,C"]
[Result "1-0"]
[WhiteTitle "GM"]
[BlackTitle "GM"]
[WhiteElo "2647"]
[BlackElo "2585"]
[WhiteFideId "409561"]
[BlackFideId "5004225"]
[EventDate "2015.08.23"]

1. e4 e5 2. Nf3 Nc6 3. Bb5 g6 4. d4 exd4 5. c3 dxc3 6. Nxc3 h6 7. O-O Bg7 8. Bd2
Nge7 9. Qc1 a6 10. Ba4 g5 11. Nd5 O-O 12. Bc3 f6 13. Bb3 Kh8 14. h4 Nxd5 15.
exd5 g4 16. Nd2 Ne5 17. d6 cxd6 18. Nc4 Nxc4 19. Bxc4 b5 20. Bd5 Rb8 21. Qf4 Bb7
22. Rad1 a5 23. a3 Qc7 24. Rfe1 b4 25. axb4 Bxd5 26. Rxd5 axb4 27. Bxb4 Qb7 28.
Rd4 Rfe8 29. Red1 Re6 30. Bc3 Rbe8 31. Qxg4 f5 32. Qxg7+ 1-0

[Event "22nd Abu Dhabi Masters"]
[Site "Abu Dhabi UAE"]
[Date "2015.08.29"]
[Round "7.9"]
[White "Gopal,G"]
[Black "Vovk,Y"]
[Result "1-0"]
[WhiteTitle "GM"]
[BlackTitle "GM"]
[WhiteElo "2562"]
[BlackElo "2624"]
[WhiteFideId "5015693"]
[BlackFideId "14113171"]
[EventDate "2015.08.23"]

1. e4 c5 2. Nf3 d6 3. d4 cxd4 4. Nxd4 Nf6 5. Nc3 a6 6. h3 e5 7. Nde2 h5 8. g3
Be7 9. Bg2 Be6 10. a4 Qd7 11. h4 Nc6 12. Nd5 Bd8 13. Nec3 Nd4 14. O-O Bg4 15.
Nxf6+ gxf6 16. Qd3 Rg8 17. Kh2 Rc8 18. Be3 Nf3+ 19. Bxf3 Bxf3 20. Bb6 Bg4 21.
Bxd8 Qxd8 22. Nd5 Be6 23. c3 Bxd5 24. Qxd5 Qd7 25. Rfd1 Rc6 26. Qd3 Ke7 27. Rd2
Qe6 28. Qf3 Rg4 29. Rd5 Rc5 30. Rad1 Rxd5 31. Rxd5 Qd7 32. b3 Qc6 33. c4 Qb6 34.
Kg2 Qb4 35. Qd3 b6 36. Kf1 Rg8 37. c5 Rc8 38. cxd6+ Kf8 39. Kg2 Rd8 40. f3 Rc8
41. d7 Rd8 42. Qc2 Kg7 43. Qc7 Qe1 44. Qxb6 a5 45. Qb5 Kh7 46. Qf1 Qc3 47. Qd1
Qb2+ 48. Kh3 Qf2 49. Rd2 Qe3 50. Rd3 Qf2 51. f4 exf4 52. Qxh5+ Kg7 53. Qg4+ Kh7
54. Qxf4 Qe1 55. Qf3 Kg7 56. Rd1 Qb4 57. Qg4+ Kh7 58. Qf5+ Kg7 59. e5 fxe5 60.
Qg5+ 1-0

[Event "22nd Abu Dhabi Masters"]
[Site "Abu Dhabi UAE"]
[Date "2015.08.29"]
[Round "7.10"]
[White "Nevednichy,V"]
[Black "Rakhmanov,Ale"]
[Result "1/2-1/2"]
[WhiteTitle "GM"]
[BlackTitle "GM"]
[WhiteElo "2549"]
[BlackElo "2620"]
[WhiteFideId "1205730"]
[BlackFideId "4173708"]
[EventDate "2015.08.23"]

1. e4 c5 2. Nf3 Nf6 3. Nc3 d5 4. exd5 Nxd5 5. Bb5+ Bd7 6. Ne5 Nf6 7. Qf3 Qc7 8.
Nxd7 Nbxd7 9. d3 a6 10. Bf4 e5 11. Bxd7+ Nxd7 12. Bd2 Rc8 13. O-O Qc6 14. Qg3
Qg6 15. Qh3 c4 16. Rae1 Qe6 17. Qg3 cxd3 18. cxd3 Qg6 19. Qf3 Rc6 20. d4 Bb4 21.
dxe5 Nc5 22. Re2 Ne6 23. Qe4 Ba5 24. Qxg6 hxg6 25. Rd1 Rh4 26. Be1 Nd4 27. Red2
Bxc3 28. bxc3 Ne6 29. Rb2 b5 30. g3 Re4 31. f4 g5 32. f5 Nc5 33. Rbd2 Rxe5 34.
g4 f6 35. Rd8+ Kf7 36. Ra8 Re8 37. Ra7+ Re7 38. Ra8 Re8 39. Ra7+ Re7 40. Ra8 Re8 1/2-1/2

[Event "22nd Abu Dhabi Masters"]
[Site "Abu Dhabi UAE"]
[Date "2015.08.29"]
[Round "7.11"]
[White "Romanov,E"]
[Black "Ghaem Maghami,E"]
[Result "0-1"]
[WhiteTitle "GM"]
[BlackTitle "GM"]
[WhiteElo "2586"]
[BlackElo "2609"]
[WhiteFideId "4148843"]
[BlackFideId "12500739"]
[EventDate "2015.08.23"]

1. Nf3 Nf6 2. b3 g6 3. Bb2 Bg7 4. g3 O-O 5. Bg2 c5 6. O-O d5 7. c4 d4 8. b4 cxb4
9. Bxd4 Nc6 10. Bb2 Bg4 11. h3 Bxf3 12. Bxf3 Nd4 13. Bxb7 Rb8 14. Bg2 Nh5 15.
Kh1 Nxe2 16. Bxg7 Nhxg3+ 17. fxg3 Nxg3+ 18. Kg1 Kxg7 19. Rf4 e5 20. Rg4 f5 21.
Rxg3 Qd4+ 22. Kh2 Qxa1 23. Bd5 e4 24. Qg1 Qe5 25. Qxa7+ Kh8 26. h4 Rbe8 27. Qb6
f4 28. Rg5 Rf5 29. d4 exd3 30. Rxf5 gxf5 31. Nd2 Qg7 32. Nf1 h5 33. Bf3 Re2+ 34.
Kh1 Re1 35. Qd8+ Kh7 36. Qxd3 Qf6 37. Kg2 Kh6 38. c5 Qxh4 39. Qxf5 Qg5+ 40.
Qxg5+ Kxg5 41. Nd2 Rc1 42. Kf2 h4 43. c6 Kf6 44. Ke2 h3 45. Kd3 h2 46. Ne4+ Ke5
47. Kd2 h1=Q 48. Bxh1 Rxh1 49. c7 Rh8 50. Nc5 Rc8 51. Na6 0-1

[Event "22nd Abu Dhabi Masters"]
[Site "Abu Dhabi UAE"]
[Date "2015.08.29"]
[Round "7.12"]
[White "Kovchan,A"]
[Black "Belous,V"]
[Result "1/2-1/2"]
[WhiteTitle "GM"]
[BlackTitle "GM"]
[WhiteElo "2605"]
[BlackElo "2566"]
[WhiteFideId "14103052"]
[BlackFideId "4174003"]
[EventDate "2015.08.23"]

1. e4 c5 2. Nf3 e6 3. d4 cxd4 4. Nxd4 Nc6 5. Nc3 Qc7 6. Be2 Nf6 7. O-O Be7 8.
Be3 O-O 9. f4 d6 10. a4 a6 11. Kh1 Re8 12. Bg1 Bd7 13. Nb3 b6 14. Bf3 Rab8 15.
Qe2 Nb4 16. e5 Nfd5 17. Nxd5 Nxd5 18. Be4 g6 19. Qf3 Nb4 20. c3 Nc6 21. Nd4 Rec8
22. Rae1 Bf8 23. Bd3 b5 24. b4 Bg7 25. a5 dxe5 26. fxe5 Nd8 27. Nb3 Qxc3 28. Nc5
Be8 29. Re3 Qxb4 30. Nxa6 Qxa5 31. Nxb8 Rxb8 32. Re2 Nc6 33. Rc1 Rd8 34. Rc5 Qa1
35. Qe4 Nxe5 36. Re1 Qxe1 37. Qxe1 Nxd3 38. Qh4 Ra8 39. Qe4 Rd8 40. Qh4 Ra8 41.
Qe4 Rd8 42. Qh4 Ra8 43. Qe4 Rd8 44. Qh4 Ra8 45. Qe4 Rd8 46. Qh4 1/2-1/2

[Event "22nd Abu Dhabi Masters"]
[Site "Abu Dhabi UAE"]
[Date "2015.08.29"]
[Round "7.13"]
[White "Papp,Ga"]
[Black "Vaibhav,S"]
[Result "1/2-1/2"]
[WhiteTitle "GM"]
[BlackTitle "GM"]
[WhiteElo "2601"]
[BlackElo "2552"]
[WhiteFideId "718602"]
[BlackFideId "5045185"]
[EventDate "2015.08.23"]

1. d4 Nf6 2. c4 e6 3. Nf3 d5 4. g3 Bb4+ 5. Bd2 Be7 6. Bg2 O-O 7. O-O c6 8. Qc2
b6 9. Rd1 Nbd7 10. b3 Bb7 11. Nc3 Rc8 12. e4 dxe4 13. Nxe4 c5 14. Nxf6+ Bxf6 15.
Ng5 Bxg5 16. Bxb7 Rc7 17. dxc5 Bf6 18. Bc3 Bxc3 19. Qxc3 Rxb7 20. c6 Rc7 21.
cxd7 Qe7 22. Rd3 Rd8 23. Rad1 Rcxd7 24. Rxd7 Rxd7 25. Rxd7 Qxd7 26. b4 Kf8 27.
h4 f6 28. c5 Qc6 29. Qa3 bxc5 30. bxc5 a6 31. Qd3 Kf7 32. Qb1 Qb5 33. Qc2 Qc6
34. a4 h5 35. Qb3 Qxc5 36. Qb7+ Kg6 37. Qxa6 Qc1+ 38. Kg2 Qc2 39. Qa8 e5 40. a5
e4 41. a6 Qe2 42. Qe8+ Kh7 43. Qa4 Qf3+ 44. Kg1 e3 45. Qc2+ f5 46. fxe3 Qxg3+
47. Kf1 Qh3+ 48. Qg2 Qxe3 49. Qb7 f4 50. a7 f3 51. Qb1+ g6 52. Qa2 Qd3+ 53. Kf2
Qd4+ 54. Kxf3 Qg4+ 55. Ke3 Qg3+ 56. Kd4 Qf4+ 57. Kc5 Qc7+ 58. Kd4 Qf4+ 59. Kc5
Qc7+ 60. Kd4 1/2-1/2

[Event "22nd Abu Dhabi Masters"]
[Site "Abu Dhabi UAE"]
[Date "2015.08.29"]
[Round "7.15"]
[White "Gabuzyan,H"]
[Black "Pascua,H"]
[Result "1-0"]
[WhiteTitle "GM"]
[BlackTitle "IM"]
[WhiteElo "2593"]
[BlackElo "2447"]
[WhiteFideId "13303732"]
[BlackFideId "5203953"]
[EventDate "2015.08.23"]

1. c4 Nf6 2. Nc3 d5 3. cxd5 Nxd5 4. g3 g6 5. Bg2 Nxc3 6. bxc3 Bg7 7. Rb1 Nd7 8.
h4 h6 9. Nf3 O-O 10. d4 c5 11. Bf4 cxd4 12. cxd4 Nb6 13. O-O Be6 14. Qd2 h5 15.
Rfc1 Rc8 16. Rxc8 Qxc8 17. Rc1 Qd8 18. Ng5 Bc8 19. d5 Qe8 20. Rc7 Na8 21. Rc5
Bg4 22. d6 e5 23. Be3 Qd7 24. Bd5 Bf6 25. Ne4 Bg7 26. Bg5 Kh7 27. Be7 Rh8 1-0

[Event "22nd Abu Dhabi Masters"]
[Site "Abu Dhabi UAE"]
[Date "2015.08.29"]
[Round "7.17"]
[White "Sjugirov,S"]
[Black "Karavade,E"]
[Result "1-0"]
[WhiteTitle "GM"]
[BlackTitle "IM"]
[WhiteElo "2664"]
[BlackElo "2409"]
[WhiteFideId "4189302"]
[BlackFideId "5012600"]
[EventDate "2015.08.23"]

1. e4 c5 2. Nf3 e6 3. d4 cxd4 4. Nxd4 Nc6 5. Nc3 Qc7 6. Be3 a6 7. Qd2 Nf6 8.
O-O-O Be7 9. f3 b5 10. Kb1 h5 11. h3 Bb7 12. Bd3 h4 13. Rhe1 Rc8 14. f4 b4 15.
Na4 d5 16. e5 Ne4 17. Bxe4 dxe4 18. Nxe6 fxe6 19. Bb6 Qb8 20. Qd7+ Kf7 21. Nc5
Rh6 22. Nxb7 Kg8 23. Nd6 Bxd6 24. Rxd6 Qa8 25. Rxe6 1-0

[Event "22nd Abu Dhabi Masters"]
[Site "Abu Dhabi UAE"]
[Date "2015.08.29"]
[Round "7.18"]
[White "Onischuk,V"]
[Black "Asgarizadeh,A"]
[Result "1-0"]
[WhiteTitle "GM"]
[BlackTitle "IM"]
[WhiteElo "2618"]
[BlackElo "2407"]
[WhiteFideId "14114038"]
[BlackFideId "12505684"]
[EventDate "2015.08.23"]

1. e4 c5 2. Nf3 d6 3. d4 cxd4 4. Nxd4 Nf6 5. Nc3 a6 6. a4 e5 7. Nf3 Be7 8. Bc4
O-O 9. O-O Be6 10. Qe2 Qc7 11. Bb3 Rc8 12. Rd1 Nbd7 13. Bg5 h6 14. Bxf6 Nxf6 15.
Nh4 Qd7 16. h3 Rc5 17. Qf3 Rac8 18. Nf5 Bxf5 19. exf5 e4 20. Nxe4 Rxf5 21. Nxf6+
Rxf6 22. Qe4 Bd8 23. a5 Rc5 24. Rd5 Re6 25. Qg4 Qe7 26. g3 Re5 27. Rad1 Rexd5
28. Rxd5 Bxa5 29. Kg2 Bb6 30. Rd3 Rc7 31. Rf3 Qg5 32. Qe4 Qe5 33. Qg6 Qe8 34.
Qxd6 Qc6 35. Qd8+ Kh7 36. Bd5 Qxc2 37. Qe8 Qxb2 38. Bxf7 Rxf7 39. Rxf7 Qd4 40.
Rf8 1-0

[Event "22nd Abu Dhabi Masters"]
[Site "Abu Dhabi UAE"]
[Date "2015.08.29"]
[Round "7.19"]
[White "Sumets,A"]
[Black "Raetsky,A"]
[Result "1-0"]
[WhiteTitle "GM"]
[BlackTitle "GM"]
[WhiteElo "2596"]
[BlackElo "2402"]
[WhiteFideId "14105500"]
[BlackFideId "4103203"]
[EventDate "2015.08.23"]

1. e4 c5 2. Nf3 d6 3. c3 Nf6 4. Bd3 Nc6 5. Bc2 Bg4 6. h3 Bxf3 7. Qxf3 g6 8. O-O
Bg7 9. Qd1 d5 10. d3 O-O 11. Nd2 b5 12. Nf3 d4 13. a4 a6 14. e5 Nd5 15. cxd4
cxd4 16. e6 f6 17. Bb3 Qd6 18. Re1 Ndb4 19. Ra3 Rfc8 20. g3 Na5 21. Bf4 Qd8 22.
axb5 axb5 23. Re4 Nbc6 24. g4 Qf8 25. Re1 Bh6 26. Bg3 Nb4 27. Kg2 Qd8 28. Re4
Nbc6 29. h4 f5 30. gxf5 gxf5 31. Re1 b4 32. Ra1 Nxb3 33. Qxb3 f4 34. Bh2 Rxa1
35. Rxa1 Kh8 36. Rc1 Qd6 37. Kf1 Rd8 38. Qc4 Ne5 39. Nxe5 Qxe5 40. Qc7 Qd5 41.
Bxf4 Bxf4 42. Qxf4 Qxe6 43. Rc4 b3 44. Rxd4 Ra8 45. Rb4 Qd5 46. Qe4 Ra1+ 47. Kg2
Qg8+ 48. Kf3 Qf7+ 49. Ke2 Qh5+ 50. f3 Rh1 51. Rb8+ Kg7 52. Qxe7+ 1-0

[Event "22nd Abu Dhabi Masters"]
[Site "Abu Dhabi UAE"]
[Date "2015.08.29"]
[Round "7.20"]
[White "Esen,B"]
[Black "Rohan,A"]
[Result "1-0"]
[WhiteTitle "GM"]
[BlackTitle "FM"]
[WhiteElo "2567"]
[BlackElo "2389"]
[WhiteFideId "6302114"]
[BlackFideId "5090598"]
[EventDate "2015.08.23"]

1. d4 Nf6 2. c4 g6 3. Nf3 Bg7 4. g3 d5 5. cxd5 Nxd5 6. Bg2 Nb6 7. Nc3 Nc6 8. e3
O-O 9. O-O Re8 10. h3 a5 11. d5 Ne5 12. Nxe5 Bxe5 13. e4 e6 14. Bh6 exd5 15.
exd5 a4 16. Rc1 Bd7 17. Re1 Nc4 18. Rxe5 Nxe5 19. f4 Qf6 20. fxe5 Qb6+ 21. Kh2
Rxe5 22. Bf4 Ree8 23. Qd2 Rac8 24. d6 1-0

[Event "22nd Abu Dhabi Masters"]
[Site "Abu Dhabi UAE"]
[Date "2015.08.29"]
[Round "7.21"]
[White "Vignesh,N R"]
[Black "Timofeev,Arty"]
[Result "1/2-1/2"]
[BlackTitle "GM"]
[WhiteElo "2430"]
[BlackElo "2542"]
[WhiteFideId "25012215"]
[BlackFideId "4140419"]
[EventDate "2015.08.23"]

1. d4 Nf6 2. c4 g6 3. g3 Bg7 4. Bg2 d5 5. cxd5 Nxd5 6. Nf3 Nb6 7. O-O Nc6 8. e3
O-O 9. Nc3 Re8 10. d5 Na5 11. Nd4 Bd7 12. b3 c6 13. dxc6 Nxc6 14. Nxc6 Bxc6 15.
Bxc6 Qxd1 16. Rxd1 bxc6 17. Bb2 a5 18. Rac1 a4 19. Nxa4 Nxa4 20. Bxg7 Kxg7 21.
bxa4 Rxa4 22. Rxc6 Rxa2 23. Rc7 f6 24. Rdd7 Kf7 25. Kg2 h5 26. h4 Ra4 27. Ra7
Rxa7 28. Rxa7 Rc8 1/2-1/2

[Event "22nd Abu Dhabi Masters"]
[Site "Abu Dhabi UAE"]
[Date "2015.08.29"]
[Round "7.22"]
[White "Gaponenko,I"]
[Black "Vakhidov,J"]
[Result "1-0"]
[WhiteTitle "IM"]
[BlackTitle "GM"]
[WhiteElo "2402"]
[BlackElo "2525"]
[WhiteFideId "14101181"]
[BlackFideId "14201801"]
[EventDate "2015.08.23"]

1. e4 d5 2. exd5 Qxd5 3. Nc3 Qd6 4. d4 Nf6 5. Nge2 e6 6. Bf4 Qd8 7. Qd3 Nc6 8.
O-O-O Nb4 9. Qf3 Be7 10. h4 O-O 11. h5 Nfd5 12. a3 Nxf4 13. Nxf4 Nc6 14. h6 g6
15. d5 Ne5 16. Qg3 Bd6 17. Ne4 Qe7 18. Qc3 Bd7 19. Kb1 b5 20. Nd3 f6 21. dxe6
Bxe6 22. Ndc5 a6 23. Nxe6 Qxe6 24. Be2 Rad8 25. f4 Nc4 26. Bxc4 bxc4 27. Ng5 Qd7
28. Qxc4+ Kh8 29. Ne6 Qf7 30. Qa2 Rb8 31. Nxf8 Qxf8 32. Qc4 Bxa3 33. b3 Bd6 34.
g3 a5 35. Rd5 Rb4 36. Qc6 Rb6 37. Qd7 Ra6 38. Re1 Ra8 39. Rxa5 Rd8 40. Qg7+ Qxg7
41. hxg7+ Kxg7 42. Rd5 Kf7 43. c4 Rb8 44. Kc2 h6 45. c5 Rb5 46. b4 Bf8 47. Rd7+
Kg8 48. Re8 Rxb4 49. Rxc7 g5 50. f5 h5 51. Rcc8 h4 52. gxh4 gxh4 53. Rxf8+ 1-0

[Event "22nd Abu Dhabi Masters"]
[Site "Abu Dhabi UAE"]
[Date "2015.08.29"]
[Round "7.23"]
[White "Pakleza,Z"]
[Black "Severina,M"]
[Result "1/2-1/2"]
[WhiteTitle "GM"]
[BlackTitle "WIM"]
[WhiteElo "2520"]
[BlackElo "2276"]
[WhiteFideId "1119290"]
[BlackFideId "4116909"]
[EventDate "2015.08.23"]

1. e4 e5 2. Nf3 Nc6 3. Bb5 a6 4. Ba4 Nf6 5. O-O Be7 6. Re1 b5 7. Bb3 d6 8. c3
O-O 9. h3 Re8 10. d4 Bb7 11. a3 Bf8 12. Bc2 h6 13. Nbd2 d5 14. exd5 Qxd5 15. Ne4
exd4 16. Nxf6+ gxf6 17. Rxe8 Rxe8 18. Qd3 f5 19. Bf4 Bg7 20. Bxc7 Rc8 21. Bf4
Ne7 22. cxd4 Qe4 23. Qxe4 fxe4 24. Ne1 Nf5 25. Bd1 Nxd4 26. Rb1 Bd5 1/2-1/2

[Event "22nd Abu Dhabi Masters"]
[Site "Abu Dhabi UAE"]
[Date "2015.08.29"]
[Round "7.24"]
[White "Asadli,Vugar"]
[Black "Debashis,D"]
[Result "0-1"]
[WhiteTitle "CM"]
[BlackTitle "GM"]
[WhiteElo "2324"]
[BlackElo "2489"]
[WhiteFideId "13405764"]
[BlackFideId "5024854"]
[EventDate "2015.08.23"]

1. e4 c5 2. c3 Nf6 3. e5 Nd5 4. d4 cxd4 5. Qxd4 e6 6. Nf3 Nc6 7. Qe4 f5 8. Qe2
Bc5 9. g3 a5 10. Bg2 b6 11. O-O O-O 12. Rd1 Ba6 13. c4 Qe8 14. a3 f4 15. Qe4
fxg3 16. cxd5 Qh5 17. hxg3 Nxe5 18. b4 Ng4 19. bxc5 Ne5 0-1